Cognitive Performance of Children Affected by Toxic Emissions: Two Year Follow-up Test Results

Bibliographic Details
Main Author: Árochová, Oľga, 1929-2021 (Author)
Format: Article
Language:Slovak
English
PhysicalDescription:Grafy 6
ISSN:0039-3320
Subjects:

MARC

LEADER 00000nab a2200000 a 4500
001 vtls000547732
003 SK-MaSNL
005 20260331203254.0
008 250425c1994 xo 0 slo
015 |a SNBRB19rr/mm-uuuuu 
035 |a CL0547870 
035 |a urn:nbn:sk:snk-ab2sn5 
035 |a (urnnbn)urn:nbn:sk:snk:ar-a02vri 
035 |a (uuid)4e57afe2-1c54-4c22-b1b5-7dcf9bfb1344 
040 |a SNKBUCL  |b slo  |c SNKBUCL  |e AACR2 
041 0 |a eng 
044 |a xo  |c SK 
080 |a 159.922.72:159.922.2:504.056:613.83  |2 1981 
080 |a 159.922.2  |2 1981 
080 |a 504.056  |2 1981 
080 |a 613.83  |2 1981 
100 1 |a Árochová, Oľga,  |d 1929-2021  |4 aut  |9 108170 
245 1 0 |a Cognitive Performance of Children Affected by Toxic Emissions: Two Year Follow-up Test Results  |c Oľga Árochová 
300 |b Grafy 6 
650 0 7 |a deti  |2 snkbucl  |9 773 
650 0 7 |a psychika detská  |2 snkbucl  |9 862438 
650 0 7 |a emisie  |2 snkbucl  |9 290897 
655 7 |a články z novín a časopisov  |2 snkbucl  |9 267496 
773 0 |t Studia psychologica  |g Roč. 36, č. 5 (1994), s. 316-319  |x 0039-3320 
850 |a Slovenská národná knižnica 
852 |a Slovenská národná knižnica 
958 |a article27 
958 |a RK 
958 |a MI 
958 |a OND 
958 |a EUIPO 
992 |a RBX 
999 |c 2811175  |d 2813105